000 00220nam a2200085Ia 4500
008 120527s9999 xx 000 0 und d
100 _aETTINGER,J,Stephen.
245 _aTextbook of veterinary internal medicne.
942 _cBK
999 _c23644
_d23644